| 000 | 00470nam a22001697a 4500 | ||
|---|---|---|---|
| 003 | SGT | ||
| 020 | _a9789380901305 | ||
| 082 | _a658.15,SIN | ||
| 100 | _aSINGLA,R.K | ||
| 245 | _aBUSINESS MANAGEMENT: SEMESTER-2ND | ||
| 250 | _a1ST | ||
| 260 |
_aNEW DELHI _bV.K GLOBAL PUBLICATIONS PVT. LTD. _c2011 |
||
| 300 | _a191 | ||
| 650 | _aMANAGEMENT | ||
| 653 | _aMANAGEMENT AN INTRODUCTION, STAFFING: CONCEPTS AND SCOPE, RECRUITMENT: MEANING AND SOURCES | ||
| 942 |
_2ddc _cFCM |
||
| 999 |
_c8914 _d8914 |
||